| 000 | 00416 a2200169 4500 | ||
|---|---|---|---|
| 001 | 145494 | ||
| 040 | _cLeonardo Da Vinci | ||
| 041 | _aPortuguês | ||
| 082 |
_a808.3 A447e _bA447e |
||
| 100 | _aALMEIDA, Mônica de | ||
| 245 | _aEstratégias textuais na na poesia de J. Camelo Ponte | ||
| 260 |
_bLinguagem Editora _c2001 _aSão Paulo |
||
| 300 | _a72 | ||
| 362 | _a00002001 | ||
| 697 | _aPoesia | ||
| 942 | _cBK | ||
| 999 |
_c145494 _d145494 |
||